000 006600000a22002170004500
003 LK-CoMWRAF
005 20231115132443.0
008 230817t1985 ||||| |||| 00| 0 eng d
020 _a0710301499
040 _aLK-CoMWRAF
_dLK-CoMWRAF
_eLK-CoMWRAF
041 _aeng
082 _a297.122
_bHAE
100 _aHaeri, Shaykh Fadhlalla
245 _aJourney of the universe as expounded in the Qur'an
260 _aLondon:
_bKPI Publications,
_c1985
300 _a102p. ; 23cm.
_bGlossary included
650 _aTheological anthropology -- Islam -- Qurʾanic teaching
650 _aIslam -- Doctrines; Qurʾan
650 _aIslam Scriptures
942 _cBK
999 _c1243
_d1243